| 000 | 00755nab a2200193 4500 | ||
|---|---|---|---|
| 001 | 244442 | ||
| 003 | OSt | ||
| 005 | 20230531075752.0 | ||
| 007 | tu | ||
| 008 | 200917s2020||||||| | ||
| 040 |
_aDE-2950 _cDE-2950 |
||
| 245 | 0 | 0 |
_aOde an Oma - ein Lied und seine Geschichte. _bTour. Wer auf Youtube nach Frankfurt (Oder) sucht, findet an erster Stelle das gleichnamige Lied von Bosse. Der Sänger hat darin Kindheitserinnerungen verarbeitet. Gern würde er mal wieder in die Oderstadt kommen - doch die Fans müssen warten / _cSelim Pekel |
| 264 | _c2023 | ||
| 653 | _aFrankfurt (Oder) | ||
| 653 | _aSong | ||
| 653 | _aBosse, Axel; Sänger | ||
| 773 | 0 |
_g34. Jahrgang (2023) Nr. 114 vom 17.05.2023, S. 15: mit Foto _tMärkische Oderzeitung |
|
| 942 |
_2z _cA |
||
| 999 |
_c372474 _d372474 |
||